| 000 | 01118nam a2200277 i 4500 | ||
|---|---|---|---|
| 001 | 11840 | ||
| 003 | KOSZ 005 | ||
| 005 | 20200624113906.0 | ||
| 008 | 080506s1965 pl a f 000 0 pol | ||
| 015 | _aPB 1965/4758 | ||
| 040 |
_aWA N _cKOSZ 005/KK _dKOSZ 005/KK |
||
| 041 | 1 |
_apol _hrus |
|
| 080 | _a636:631 | ||
| 100 | 1 |
_aBalyberdin, Grigorij Âkovlevič. _eAutor. |
|
| 245 | 1 | 0 |
_aMechanizacja obsługi zwierząt w gospodarstwach wielkotowarowych / _cG. J. Balyberdin, A. D. Malgin ; [tł. Kazimierz Krakowski]. |
| 246 | 1 |
_iTyt. oryg.: _aMehanizaciâ proizvodstvennyh processov v životnovodstve. |
|
| 260 |
_aWarszawa : _bPaństwowe Wydawnictwo Rolnicze i Leśne, _c1965. |
||
| 300 |
_a370, [5] s. : _bil. ; _c23 cm. |
||
| 380 | _aKsiążki. | ||
| 650 | 4 |
_aZootechnika _xnarzędzia i maszyny. |
|
| 700 | 1 | _aMal'gin, Andrej Dmitrievič. | |
| 700 | 1 |
_aKrakowski, Kazimierz. _eTł. |
|
| 710 |
_aPaństwowe Wydawnictwo Rolnicze i Leśne _4pbl. |
||
| 856 |
_uhttp://koha.tu.koszalin.pl/cgi-bin/koha/opac-detail.pl?biblionumber=11840 _yKatalog online |
||
| 942 |
_2UKD _cKS |
||
| 999 |
_c11840 _d11840 |
||